| 000 | 00410nam a2200181Ia 4500 | ||
|---|---|---|---|
| 003 | OSt | ||
| 005 | 20251203102532.0 | ||
| 008 | 250729s1983 xx 000 0 und d | ||
| 040 | _cAL | ||
| 041 | _aeng | ||
| 082 | _a930.7 KOCT | ||
| 100 |
_aKochhar S K _9225412 |
||
| 245 | _aTeaching of social studies | ||
| 260 |
_aNew Delhi _c1983 |
||
| 300 | _a352p | ||
| 650 |
_aHistory _9225413 |
||
| 942 |
_2ddc _cBED |
||
| 999 |
_c236898 _d236898 |
||